000 00398nam a2200133Ia 4500
008 100328s9999 xx 000 0 und d
082 _b6712
100 _aवरेरकर भार्गवराम विठ्ठल
245 _aजागती ज्योत
260 _b---
630 _aजागती ज्योत
730 _aजागती ज्योत
942 _cBOOK
999 _c502584
_d502581